| 000 | 01285nam2a2200325 4500 | ||
|---|---|---|---|
| 001 | RU\NLR\bibl\175184 | ||
| 005 | 20250618061510.0 | ||
| 010 | _a5-300-02907-6 | ||
| 021 |
_aRU _b2001-18683 _9874 |
||
| 035 | _a(NLR Aleph) 000171922 | ||
| 090 |
_a990978 _c990978 |
||
| 100 | _a20010716d2001 |||y0rusy50 ca | ||
| 101 | 1 |
_arus _ceng |
|
| 102 | _aRU | ||
| 105 | _ay ||||||||| | ||
| 200 | 1 |
_aБелларион _eРоман _aЗлатоустый шут _eРоман _f[Пер. А. Кузьменкова, Ю. Кузьменковой] |
|
| 210 |
_d2001 _aБ. м. |
||
| 215 | _a501,[2] с. | ||
| 461 | 0 |
_1001RU\NLR\bibl\110750 _12001#$aСобрание сочинений$vТ. 5 _9614353 _aСабатини, Р. (1875-1950) _cМ. _d1999 _fРафаэль Сабатини _nТЕРРА-Кн. клуб _oВ 10 т. _tСобрание сочинений _y5-300-02650-6 _vТ. 5 |
|
| 610 | 0 | _aИсторические романы и рассказы (х. л.), (т. 5) | |
| 675 |
_a821.111Сабатини+821.111-31Сабатини _v3 _zrus |
||
| 686 |
_a17.82 _2rugasnti |
||
| 686 |
_a84(4Вел)-44 _2rubbk |
||
| 801 | 0 |
_aRU _bRKP _c20010716 _gPSBO |
|
| 801 | 1 |
_aRU _bRKP _c20010716 |
|
| 801 | 2 |
_aRU _bNLR _c20010820 _grcr |
|
| 942 | _cBOOK | ||
| 980 | _aNB | ||